Magyar és német bányászati szótár 2 Német-magyar rész

Bibliographic Details
Main Author: Péch, Anton, 1822-1895 (Compiler)
Format: Book
Language:Hungarian
PhysicalDescription:351 s. 23 cm
Published: Selmecz [s.n.] 1879
Subjects:

MARC

LEADER 00000nam a2200000 a 4500
001 vtls001311591
003 SK-MaSNL
005 20260331203527.0
008 251124s1879 HU 0 hun
020 |c b.c. 
035 |a SNK000263969 
040 |a SNK  |b slo  |c SNK  |e AACR2 
044 |a HU 
080 |a 801.316.4:622=945.11=30  |2 1981 
080 |a 622(038)=945.11=30  |2 1981 
100 1 |a Péch, Anton,  |d 1822-1895  |4 zos  |9 47976 
245 1 |a Magyar és német bányászati szótár  |n 2  |p Német-magyar rész  |c ősszeállította Péch Antal 
260 |a Selmecz  |b [s.n.]  |c 1879  |e [Selmecz  |f Joerges A.] 
300 |a 351 s.  |c 23 cm 
500 |a Súbež. názov nem. 
650 0 7 |a baníctvo  |x slovníky maďarsko-nemecké  |2 SNK  |9 456729 
650 0 7 |a slovníky banícke maďarsko-nemecké  |2 SNK  |9 456730 
999 |c 716379  |d 718309 
952 |a SNK  |b SNK  |y PREZ  |7 0  |p 17A0102992  |o snkSC 1631/1-2  |i snk3808/34  |0 0  |1 0  |4 0  |d 1997-11-25  |l 0  |r 2005-01-02 00:00:00  |w 2026-02-23 
952 |t P60, <04>, [BOOK], {604}  |a SNK  |b SNK  |y VYP  |7 0  |o snkSC 1631/1-2 D1  |i snkD 1215/97  |0 0  |1 0  |4 0  |d 1997-11-25  |l 0  |r 2005-01-02 00:00:00  |w 2026-02-23